Rappeurs par albums #3 - Statistiques

Statistiques générales
  • Ce quiz a été pris 253 fois
  • Le résultat moyen est 11 sur 16
Statistiques - réponses
Par images Réponse % Correct
Gazo
98%
Niska
95%
Lorenzo
94%
Tiakola
93%
ZKR
92%
Kalash
90%
Koba la d
90%
Jokair
85%
Lafouine
83%
Vald
80%
Guizmo
75%
Guy2bezbar
30%
Azur
27%
Rowjay
16%
Vacra
14%
Ajna
9%
Aucun quiz correspondant
Distribution des résultats
% des personnes avec chaque résultat
Percentile par nombre de réponses
Votre historique - résultats
Vous n’avez pas pris ce quiz